Стадии на икономическия растеж (Запис номер 57499)
[ съкратено ]
| 000 -Лидер | |
|---|---|
| Контролно поле с фиксирана дължина | nam a22 a 4500 |
| 003 - Код на организацията, давaща контролен номер | |
| Контролно поле | BLK |
| 005 - Дата и час на последна редакция | |
| Контролно поле | 20230425103453.0 |
| 008 - Елементи от данни с фиксирана дължина | |
| fixed length control field | 180408b bul|||||r ||||||| ||bul|| |
| 010 ## - Наследен системен номер | |
| LC control number | KNG00061502000 |
| 040 ## - Източник на каталожния запис | |
| Идентификатор на билиотеката - собственик на записа | BLK |
| 041 ## - Код за език | |
| Код за езика на текст/звукозапис или на отделно заглавие | Български |
| Код за езика КДБФ | Български |
| 080 ## - УДК | |
| Текстов определител УДК | Икономически растеж (теория). Екстензивно и интензивно развитие, взаимовръзка между отделните фактори на стопанското развитие, темпове на икономически растеж. Вж и 338 |
| УДК код - определител по УДК | 330.35 |
| УДК - код + определител | 330.35 |
| 100 1# - Редна дума - Автор | |
| Автор | Ростоу, Уолт Уитман |
| Авторска отговорност | първи автор |
| R(LIN) | 117015 |
| 139 ## - Редно поле | |
| Редна дума | Ростоу, Уолт Уитман |
| Авторски знак | Роси - Р 86 |
| 245 10 - Сведения за заглавието | |
| Заглавие | Стадии на икономическия растеж |
| Подзаглавни данни | Неком. манифест : Изследване |
| Редно поле (дума) | Уолт Уитман Ростоу; послесл. от Тончо Трендафилов. |
| 257 ## - Страна на издаване | |
| Страна на създаване/издаване | България |
| 260 ## - Област на издателските данни | |
| Място на издаване, разпространение и проч. | Бургас |
| Име на издателя, разпространителя и проч. | Делфин прес |
| Година на издаване | 1993 |
| 300 ## - Физическа характеристика | |
| Страници | 304 с. |
| Размери/Мащаб | 24 см |
| 380 ## - Жанр | |
| Жанр | Обществени науки |
| 490 1# - СЕРИИ (Колекции) | |
| Име на серия | Класици на икономическата мисъл |
| 700 1# - Други автори (авторска отговорност) | |
| Лично име | Трендафилов, Тончо |
| Автороска отговорност (Описва отношението между автора и произведението) | послесл. от |
| 9 (RLIN) | 287658 |
| 852 ## - Местоположение | |
| Форматна сигнатура | Цб 173808 |
| Фондова буква | Хранилище |
| 856 4# - Електронен адрес и достъп | |
| Електронен формат | pdf - файл |
| Инструкция (цена за достъп) | 0.00 |
| Права за достъп | disable |
| 856 4# - Електронен адрес и достъп | |
| Електронен формат | pdf - файл |
| Инструкция (цена за достъп) | 0.00 |
| Права за достъп | disable |
| 999 ## - СИСТЕМНИ КОНТРОЛНИ НОМЕРА | |
| Koha biblionumber | 57499 |
| Koha biblioitemnumber | 57499 |
| 942 ## - АРТИКУЛИ | |
| Вид на библиотечния материал | Книги |
| Скрит в OPAC | Не |
| Koha issues (borrowed), all copies | 3 |
| Периодичен библиозапис | Да |
| 944 ## - СЪЗДАВАНЕ И РЕДАКЦИЯ на ЗАПИСА | |
| Създаване/Редакция | Създаване |
| Дата на регистрацията/редакция | 13.06.2004 |
| Служител, извършил регистрацията/редакцията | Ренета_Константинова |
| 944 ## - СЪЗДАВАНЕ И РЕДАКЦИЯ на ЗАПИСА | |
| Създаване/Редакция | Редакция |
| Дата на регистрацията/редакция | 29.10.2014 |
| 999 ## - СИСТЕМНИ КОНТРОЛНИ НОМЕРА | |
| Koha biblioitemnumber | 57499 |
| 999 ## - СИСТЕМНИ КОНТРОЛНИ НОМЕРА | |
| Koha biblioitemnumber | 57499 |
| Код за отписване | Код за изгубен артикул | Източник на класификационната схема | Код за повреда | Коз за рестрикции | Код за отдаване | Артикулен № | Име на библиотеката - собственик | Име на библиотеката, в която се намира в момента | Статус (Текущо местоположение) | Дата на вписване в системата | Местоположение - отдел | Цена в лева | Инвентарен номер | Систематично азбучна сигнатура | Баркод | Номер на екземпляра | Цена в евро | Служебна бележка | Служебен тип на артикула |
|---|---|---|---|---|---|---|---|---|---|---|---|---|---|---|---|---|---|---|---|
| Не е изгубен | Universal Decimal Classification | Не е повреден | без рестрикции | ползва се в читалня | 93342 | Регионална библиотека "Любен Каравелов" Русе | Регионална библиотека "Любен Каравелов" Русе | Читалня | 1993-01-01 | Читалня | 3.36 | 584523 | Ч 33/Р 86 | 120000584523 | 1 | 1.72 | Дата инв: 22.03.2017 Бележки инв: Ч2017 | Книги | |
| Не е изгубен | Universal Decimal Classification | Не е повреден | без рестрикции | заемане за дома | 93343 | Регионална библиотека "Любен Каравелов" Русе | Регионална библиотека "Любен Каравелов" Русе | Заемна - подръчен фонд | 1993-01-01 | Заемна - подръчен фонд | 3.36 | 584522 | П 330/Р 86 | 120000584522 | 2 | 1.72 | Вид: Сф N: стар фонд Дата: 01.01.1993 Дата инв: 07.03.2018 Бележки инв: П2018 | Книги | |
| Не е изгубен | Universal Decimal Classification | Не е повреден | без рестрикции | ползва се в читалня | 93344 | Регионална библиотека "Любен Каравелов" Русе | Регионална библиотека "Любен Каравелов" Русе | Хранилище | 1993-01-01 | Хранилище | 3.36 | 582379 | Цб 173808 | 120000582379 | 3 | 1.72 | Дост: Dp Вид: Д N: стар фонд Дата: 01.01.1993 | Книги |